MARC details
| 000 -CABECERA |
| campo de control de longitud fija |
00926nam a2200241 a 4500 |
| 001 - NÚMERO DE CONTROL |
| campo de control |
000018567 |
| 005 - FECHA Y HORA DE LA ÚLTIMA TRANSACCIÓN |
| campo de control |
20200929165826.0 |
| 008 - DATOS DE LONGITUD FIJA--INFORMACIÓN GENERAL |
| campo de control de longitud fija |
100511s1986 sp a 000 d spa d |
| 020 ## - NÚMERO INTERNACIONAL ESTÁNDAR DEL LIBRO |
| Número Internacional Estándar del Libro |
8420726613 |
| 040 ## - FUENTE DE LA CATALOGACIÓN |
| Centro catalogador/agencia de origen |
DO-SdBNP |
| Lengua de catalogación |
spa |
| Centro/agencia transcriptor |
BNPHU |
| 082 ## - NÚMERO DE LA CLASIFICACIÓN DECIMAL DEWEY |
| Número de clasificación |
nnnn |
| Número de documento/Ítem |
R618d |
| 049 ## - FONDOS LOCALES (OCLC) |
| Fondos de biblioteca |
BNGR |
| 100 1# - ENTRADA PRINCIPAL--NOMBRE DE PERSONA |
| Nombre de persona |
Rivas, Ángel de Saavedra, |
| Títulos y otros términos asociados al nombre |
Duque de, |
| Fechas asociadas al nombre |
1791-1865 |
| 9 (RLIN) |
8738 |
| 245 10 - MENCIÓN DE TÍTULO |
| Título |
Don Álvaro o La fuerza del sino / |
| Mención de responsabilidad, etc. |
Ángel de Saavedra, Duque de Rivas ; edición, introducción, notas, comentarios y apéndice de Ana Navarro y Josefina Ribalta. |
| 260 ## - PUBLICACIÓN, DISTRIBUCIÓN, ETC. |
| Lugar de publicación, distribución, etc. |
Madrid : |
| Nombre del editor, distribuidor, etc. |
Anaya, |
| Fecha de publicación, distribución, etc. |
1986. |
| 300 ## - DESCRIPCIÓN FÍSICA |
| Extensión |
215, [1] p. : |
| Otras características físicas |
il. ; |
| Dimensiones |
19 cm. |
| 490 1# - MENCIÓN DE SERIE |
| Mención de serie |
Biblioteca didáctica Anaya |
| Designación de volumen o secuencia |
13 |
| 504 ## - NOTA DE BIBLIOGRAFÍA, ETC. |
| Nota de bibliografía, etc. |
Incluye referencias bibliográficas y notas al pie de las páginas. |
| 700 1# - PUNTO DE ACCESO ADICIONAL--NOMBRE DE PERSONA |
| Nombre de persona |
Navarro, Ana, |
| Término indicativo de función/relación |
ed. |
| 9 (RLIN) |
40154 |
| 700 1# - PUNTO DE ACCESO ADICIONAL--NOMBRE DE PERSONA |
| Nombre de persona |
Ribalta, Josefina, |
| Término indicativo de función/relación |
ed. |
| 9 (RLIN) |
40155 |
| 830 #0 - PUNTO DE ACCESO ADICIONAL DE SERIE-TÍTULO UNIFORME |
| Título uniforme |
Biblioteca didáctica Anaya ; |
| Designación de volumen o secuencia |
13 |
| 9 (RLIN) |
8965 |
| 910 ## - DATOS DE OPCIÓN DEL USUARIO (OCLC) |
| Datos de opción del usuario |
Catalalogación original |